000 nam a22 7a 4500
999 _c27543
_d27542
003 OSt
005 20170518104624.0
008 170510b xxu||||| |||| 00| 0 eng d
040 _ammu
_beng
_cmmu
_dmmu
050 _aTR147.T45 1972
245 _aFrontiers of Photography:
_cEdited by Time-Life Books
260 _bJoan D. Manley
_c1972
300 _a202p.:
_bill,
500 _aIncludes Index
942 _2lcc
_cLOAN LOAN